• 首页
  • 本馆介绍
  • 公告通知
  • 最新文献
  • 馆藏检索
  • 电子资源
  • 读者导购
  • 参考咨询
  • 我的图书馆
  • 登录
  • 详细信息显示
  • 放入我的书架
  • 预约/预借图书
  • 作者相关作品
  • 分类相关作品
  • 丛书相关作品
  • 出版社相关作品

书目信息

  • 表格格式
  • 工作单格式
  • 卡片格式
题名:
食品雕刻
    
 
作者: 孙宝和 编著
分册: 3  
出版信息: 北京   中国轻工业出版社  1998
页数: 106页
开本: 20cm
丛书名:
单 册:
中图分类: TS972.1 , J314.9 , TS972.114
科图分类:
主题词: 蔬菜--装饰雕塑--中国 , 蔬菜 , 装饰雕塑 , 水果--装饰雕塑--中国 , 水果
电子资源:
ISBN: 7-5019-2156-3
000 00816nam0 2200289 450
001 1559281943
005 20150131163054.01
010    @a7-5019-2156-3@dCNY18.00
100    @a19981023d1998 em y0chiy0110 ea
101 0  @achi
102    @aCN@b110000
105    @af z 000yy
200 1  @a食品雕刻@9shi pin diao ke@e孙宝和蔬果切雕艺术@h3@f孙宝和编著
210    @a北京@c中国轻工业出版社@d1998
215    @a106页@c彩图@d20cm
517 1  @a孙宝和蔬果切雕艺术@9sun bao he shu guo qie diao yi shu
606 0  @a蔬菜@x装饰雕塑@y中国
606 0  @a蔬菜
606 0  @a装饰雕塑
606 0  @a水果@x装饰雕塑@y中国
606 0  @a水果
690    @aTS972.1@v5
690    @aJ314.9@v5
690    @aTS972.114@v4
701  0 @a孙宝和@9sun bao he@4编著
801  0 @aCN@bTSSF@c20150131
905    @aZUCC@dTS972.114@eJY122:3
    
    食品雕刻:孙宝和蔬果切雕艺术.3/孙宝和编著.-北京:中国轻工业出版社,1998
    106页:彩图;20cm
    
    
    ISBN 7-5019-2156-3:CNY18.00
    
●
相关链接 在E读中查询图书 在五车中查询图书 在当当中查询图书 在豆瓣中查询图书


正题名:食品雕刻     索取号:TS972.114/JY122:3         预约/预借

序号 登录号 条形码 馆藏地/架位号 状态 备注
1 7861903   278619032   学院路分馆/ [索取号:TS972.114/JY122:3] 在馆    
2 7861904   278619041   学院路分馆/ [索取号:TS972.114/JY122:3] 在馆    
3 7861905   278619050   学院路分馆/ [索取号:TS972.114/JY122:3] 在馆    
4 7861911   278619112   学院路分馆/ [索取号:TS972.114/JY122:3] 在馆    
唐山师范学院图书馆 欢迎您!
大连网信软件有限公司© 版权所有